• 首页
  • 本馆介绍
  • 公告通知
  • 最新文献
  • 馆藏检索
  • 电子资源
  • 读者导购
  • 参考咨询
  • 我的图书馆
  • 登录
  • 详细信息显示
  • 放入我的书架
  • 预约/预借图书
  • 作者相关作品
  • 分类相关作品
  • 丛书相关作品
  • 出版社相关作品

书目信息

  • 表格格式
  • 工作单格式
  • 卡片格式
题名:
中国邮政编码大全
    
 
作者: ;邮电部邮政总局 主编
分册: 第二卷   工业、企业卷
出版信息: 北京   人民邮电出版社  1989.9
页数: 692页
开本: 26cm
丛书名:
单 册:
中图分类: F614-62
科图分类:
主题词: 编码-邮政--中国--手册 , 工业企业-邮政-编码--中国--手册 , 邮政-编码--中国--手册
电子资源:
ISBN: 7-115-04059-1
000 00927nam0 2200241 45
001 0190009859
005 20061030152332.90
010    @a7-115-04059-1@dCNY20.00
100    @a19921209d1989 em y0chiy0121 ea
101 0  @achi
102    @aCN@b110000
105    @ay z 000yy
200 10 @a中国邮政编码大全@AZHONG GUO YOU ZHENG BIAN MA DA QUAN@h第二卷@i工业、企业卷@IGONG YE 、 QI YE JUAN@h中@f邮电部邮政总局主编@FYOU DIAN BU YOU ZHENG ZONG JU ZHU BIAN
210    @a北京@c人民邮电出版社@d1989.9
215    @a692页@d26cm
540 1  @a中国 邮政 编码 大全 第二卷 工业 企业卷@AZHONG GUO YOU ZHENG BIAN MA DA QUAN DI ER JUAN GONG YE QI YE JUAN
606    @a编码-邮政@y中国@x手册
606    @a工业企业-邮政-编码@y中国@x手册
606    @a邮政-编码@y中国@x手册
690    @aF614-62@v3
711 02 @a邮电部邮政总局@AYOU DIAN BU YOU ZHENG ZONG JU@4主编
801  0 @aCN@bTSSF@c20061030
905    @a10447@dF614-62@e1:2(3)
    
    中国邮政编码大全.第二卷.工业、企业卷.中/邮电部邮政总局主编.-北京:人民邮电出版社,1989.9
    692页;26cm
    
    
    ISBN 7-115-04059-1:CNY20.00
    
●
相关链接 在E读中查询图书 在五车中查询图书 在当当中查询图书 在豆瓣中查询图书


正题名:中国邮政编码大全     索取号:F614-62/1:2(3)         预约/预借

序号 登录号 条形码 馆藏地/架位号 状态 备注
1 0228232   002058418   第一样本阅览室/ [索取号:F614-62/1:2(3)] 在馆    
唐山师范学院图书馆 欢迎您!
大连网信软件有限公司© 版权所有